Largest Cities on Each Continent Beginning with 'L' - Statistics

General Stats
  • This quiz has been taken 607 times
  • The average score is 16 of 34
Answer Stats
Continent Population City % Correct
North America 551,066 London
97%
Europe 14,800,000 London
97%
South America 11,100,000 Lima
94%
North America 17,600,000 Los Angeles
91%
Africa 20,100,000 Lagos
90%
Africa 8,450,000 Luanda
83%
North America 2,300,000 Las Vegas
77%
Asia 13,500,000 Lāhore
75%
Europe 2,500,000 Lisbon
71%
Europe 1,990,000 Lyon
70%
Africa 2,800,000 Lusaka
69%
Europe 1,880,000 Liverpool
68%
South America 2,125,000 La Paz
65%
Europe 2,150,000 Leeds
65%
Africa 1,090,000 Lilongwe
55%
Europe 1,300,000 Lille
50%
Asia 3,800,000 Lucknow
49%
Africa 2,175,000 Lomé
48%
North America 1,060,000 Louisville
45%
Africa 2,450,000 Lubumbashi
40%
Asia 2,925,000 Lánzhōu
33%
North America 2,150,000 León
28%
North America 322,570 Lexington
26%
Asia 2,650,000 Luòyáng
19%
Asia 2,125,000 Linyi
16%
Asia 2,050,000 Liŭzhōu
13%
Oceania 148,394 Lae
10%
Oceania 75,328 Launceston
10%
South America 565,760 Londrina
8%
South America 852,800 La Plata
7%
Oceania 110,700 Lower Hutt
4%
Oceania 71,573 Lautoka
2%
South America 301,510 Limeira
2%
South America 401,938 La Serena
1%
No matching quizzes found
Score Distribution
Percent of People with Each Score
Percentile by Number Answered
Your Score History
You have not taken this quiz